| 000 | 00521nam a2200181Ia 4500 | ||
|---|---|---|---|
| 001 | 14191 | ||
| 003 | GE_BSU | ||
| 008 | 181216s||||||||xx |||||||||||||| ||und|| | ||
| 040 | _cGE_BSU | ||
| 245 | _aВокруг света №3 (2894) Март 2015. | ||
| 245 | _bжурнал русского географического общества | ||
| 245 | _cГл.ред. Ал.Монахов | ||
| 260 | _aМосква | ||
| 260 | _c2015 | ||
| 300 | _a144стр.28см. | ||
| 653 | _aВокруг света | ||
| 942 | _cCR | ||
| 999 |
_c47330 _d47330 |
||